000 00332nam a2200133Ia 4500
008 220216s9999 xx 000 0 und d
100 _aLathia Yogen
245 0 _aIndian rubber industry: Past, present and future
260 _bRubber India
_c2006
300 _a35-38
650 _aIndia
650 _aRubber industry
942 _cJS
999 _c61095
_d61095